| 000 | 00511nam a22001697a 4500 | ||
|---|---|---|---|
| 005 | 20251108175248.0 | ||
| 008 | 250721s2003 xx 000 0 ara d | ||
| 082 | 1 | 4 | _a958/سيد |
| 100 | 1 | _aالسيد، محمود | |
| 245 | 1 | 0 | _aدول آسيا الوسطى و الأطماع الغربية / |
| 264 | 1 |
_aالاسكندرية : _bمؤسسة شباب الجامعة، _c2003. |
|
| 300 | _a277 ص. | ||
| 650 | 1 | 7 | _aالتاريخ |
| 650 | 1 | 7 | _aآسيا الوسطى |
| 942 |
_2ddc _cBK |
||
| 999 |
_c129982 _d129982 |
||